000 00645nam a2200265Ia 4500
005 20260121161430.0
008 008 260114s9999 xx 000 0 eng d
020 _a9780429493843
037 _aEBOOK
040 _aCRL
040 _beng
040 _cCRL
041 _2eng
041 _aeng
084 _qCRL
100 _aFeminist Dilemmas In Fieldwork
_91044705
245 0 _aDiane L. Wolf
260 _bTaylor and Francis
260 _c1996
650 _aGender Studies - Soc Sci
_91044706
856 _uhttp://www.taylorfrancis.com/books/9780429493843
942 _cEBOOK
999 _c1610760
_d1610760